000 00659nam a2200193Ia 4500
005 20250508154213.0
008 008 250505s9999 xx 000 0 eng d
037 _aTextual
040 _aFEDL
_beng
_cFEDL
041 _aeng
_2eng
084 _a370.6, DEP
_qFEDL
245 0 _aProceedings of the third conference of secretaries of state boards of secondary education
245 0 _cDirectorate of extension programmes for secondary education
260 _aNew Delhi, India
_bNational Council of Educational Research and Training
_c1959
300 _a96p.
650 _aEducation
942 _cTEXL
_h370.6, DEP
999 _c1348521
_d1348521